00545nam a2200169Ia 4500008004000000020001800040082001700058100002200075245002800097260004800125300001200173650001200185690001900197906001100216999001700227952013100244210210b1993 xxu||||| |||| 00| 0 eng d a81 7024 555 9 a362.293 PRAD aPRASHANT (Saroj). aDrug abuse and society. aNew Delhi.bAshish Publishing House.,c1993 axii,219 aDrugs  aSocial Welfare a048052 c97180d97180 001040708Social WorkaALbALcSocial Workd2021-02-17g200.00l0o362.293 PRADp048052r2021-02-17 00:00:00w2021-02-17yBK